| 000 | 00588nam a2200193 i 4500 | ||
|---|---|---|---|
| 001 | 122709 | ||
| 003 | ES-MaACL | ||
| 005 | 20250522202343.0 | ||
| 007 | t| | ||
| 008 | 070214s1967 sp r ||||1| spa d | ||
| 100 | 1 |
_aPuig Ferriol, Luis. _994265 |
|
| 245 | 1 | 3 |
_aEl albaceazgo / _cLuis Puig Ferriol ; prólogo de Ramón Mª Roca Sastre. |
| 260 |
_aBarcelona : _bBosch, _c1967. |
||
| 300 |
_a307 p. ; _c22 cm. |
||
| 650 | 4 |
_aAlbaceas- _zEspaña. _9145424 |
|
| 700 | 1 |
_aRoca Sastre, Ramón María, _d1899-1979 _998011 |
|
| 852 |
_aES-MaACL _jC-32711 _bR.63557 |
||
| 999 |
_c122709 _d122709 |
||